Movies by Rubber Ducky Fans Quiz Stats

 Plays Quiz Updated Jun 2, 2018

Challenge
Share
Tweet
Score 0/20 Timer 04:00
3 Plays Today
Hint Answer % Correct
Spider-Man Film Series
99.5%
Star Wars Franchise
98.1%
Harry Potter Film Series
95.3%
The Wizard of Oz
94.3%
Star Trek Film Series
94%
Snow White and the Seven Dwarfs
90.9%
Scream Film Series
89.5%
Iron Man Film Series
88%
Despicable Me Franchise
87.6%
Pirates of the Caribbean Film Series
82.8%
Hint Answer % Correct
Deadpool
81.7%
WALL-E
80.1%
The Nightmare Before Christmas
79.1%
Friday the 13th Franchise
71%
X-Men Origins: Wolverine
68.6%
Robocop Franchise
68.1%
Terminator Series
66.6%
Alien Franchise
56.7%
Ghostrider & Ghostrider 2
50.7%
Pippi Longstocking Films
47.4%

You're not logged in!

Compare scores with friends on all Sporcle quizzes.
Join for Free
OR
Log In

You Might Also Like...

Show Comments

Extras

Top Quizzes Today


Score Distribution

Your Account Isn't Verified!

In order to create a playlist on Sporcle, you need to verify the email address you used during registration. Go to your Sporcle Settings to finish the process.

Report this User

Report this user for behavior that violates our Community Guidelines.

Details: